Operations management in the supply chain : (Record no. 82928)

MARC details
000 -LEADER
fixed length control field 01710nam a22003017a 4500
005 - DATE AND TIME OF LATEST TRANSACTION
control field 20140311165738.0
010 ## - LCCN (DPL NO)
LC control number ENG-109537
020 ## - INTERNATIONAL STANDARD BOOK NUMBER
Terms of availability 650.00
International Standard Book Number 9781259097362
020 ## - INTERNATIONAL STANDARD BOOK NUMBER
Terms of availability 650.00
International Standard Book Number 1259097366
035 ## - SYSTEM CONTROL NUMBER
System control number EN-93070
037 ## - SOURCE OF ACQUISITION
Source of stock number/acquisition DBAD/PUB
082 ## - DEWEY DECIMAL CLASSIFICATION NUMBER
Classification number 658.5
100 ## - MAIN ENTRY--PERSONAL NAME
Personal name Schroeder, Roger G.
245 00 - TITLE STATEMENT
Title Operations management in the supply chain :
Statement of responsibility, etc by Roger G. Schroeder, Susan Meyer Goldstein [and] M. Johnny Rungtusanatham
Remainder of title decisions and cases /
250 ## - EDITION STATEMENT
Edition statement 6th ed
260 ## - PUBLICATION, DISTRIBUTION, ETC. (IMPRINT)
Place of publication, distribution, etc New Delhi
Name of publisher, distributor, etc McGraw Hill Education (India)
Date of publication, distribution, etc 2013
270 ## - ADDRESS
Address P-24, Green Park Extn.
City New Delhi
Postal code 110016
300 ## - PHYSICAL DESCRIPTION
Extent xviii,558p.:
Dimensions 26cm(pbk)
Other physical details ill.
490 ## - SERIES STATEMENT
Series statement The McGraw-Hill/Irwin series in operations and decision sciences
500 ## - GENERAL NOTE
General note Includes bibliographical references and index.
505 ## - FORMATTED CONTENTS NOTE
Formatted contents note Part 1: Introduction. The operations function ; Operations and supply chain strategy ; Product design -- Part 2: Process design. Process selection ; Service delivery system design ; Process-flow analysis ; Lean thinking and Lean systems -- Part 3: Quality. Managing quality ; Quality control and improvement -- Part 4: Capacity and scheduling. Supply chain management ; Forecasting ; Supplement: Advanced methods ; Capacity planning ; Scheduling operations ; Project planning and scheduling -- Part 5: Inventory. Independent demand inventory ; Supplement: Advanced methods ; Materials requirements planning and ERP -- Part 6: Case studies.
650 ## - SUBJECT ADDED ENTRY--TOPICAL TERM
Topical term or geographic name as entry element Production management.
650 ## - SUBJECT ADDED ENTRY--TOPICAL TERM
Topical term or geographic name as entry element Production management
Form subdivision Case studies.
650 ## - SUBJECT ADDED ENTRY--TOPICAL TERM
Topical term or geographic name as entry element Decision making.
700 ## - ADDED ENTRY--PERSONAL NAME
Personal name Goldstein, Susan Meyer
700 ## - ADDED ENTRY--PERSONAL NAME
Personal name Rungtusanatham, M. Johnny
942 ## - ADDED ENTRY ELEMENTS (KOHA)
Source of classification or shelving scheme Dewey Decimal Classification
Item type English Books
Call number suffix SCH
Classification part 658.5
Holdings
Withdrawn status Lost status Not for loan Collection code Home library Current library Date acquired Source of acquisition Cost, normal purchase price Full call number Barcode Copy number Cost, replacement price Koha item type
    Not For Loan Non-fiction D.B.Act.Division D.B.Act.Division 06/03/2014 DBAD/PUB 650.00 658.5 SCH EN-93070 1 650.00 English Books

© Delhi Public Library
Hit Counter
free hit counter